000 00317nam a22001457a 4500
008 230612b ||||| |||| 00| 0 eng d
020 _a9780716730514
041 _aeng
080 _2FIFTH EDITION
_a575
082 _a575BER
100 _a13
101 _aBK
245 _aBIOCHEMISTRY
_cBERG.M.J
942 _2udc
_cBK
999 _c59940
_d59940